European capitals with a Map Quiz - Statistics

General Stats
  • This quiz has been taken 6 times
  • The average score is 32 of 45
Answers on the Map
Answers color-coded by a green-red scale on the quiz's map according to % correct below.
 
Answer Stats
Answer % Correct
Amsterdam
100%
Berlin
100%
Dublin
100%
Helsinki
100%
Kiev
100%
Lisbon
100%
London
100%
Madrid
100%
Monaco
100%
Oslo
100%
Paris
100%
Reykjavik
100%
San Marino
100%
Stockholm
100%
Vienna
100%
Andorra la Vella
80%
Athens
80%
Brussels
80%
Luxembourg
80%
Minsk
80%
Moscow
80%
Riga
80%
Rome
80%
Warsaw
80%
Berne
60%
Bratislava
60%
Copenhagen
60%
Ljubljana
60%
Prague
60%
Sarajevo
60%
Sofia
60%
Tallin
60%
Vaduz
60%
Valletta
60%
Vilnius
60%
Belgrade
40%
Bucharest
40%
Budapest
40%
Chisinau
40%
Podgorica
40%
Pristina
40%
Tirana
40%
Vatican city
40%
Skopje
20%
Zagreb
20%
No matching quizzes found
Score Distribution
Percent of People with Each Score
Percentile by Number Answered
Your Score History
You have not taken this quiz